Carregant...
The initiation of DNA replication in eukaryotes.
| Format: | Printed Book |
|---|---|
| Idioma: | English |
| Accés en línia: | http://www.loc.gov/catdir/enhancements/fy1608/2015954360-t.html http://www.loc.gov/catdir/enhancements/fy1608/2015954360-b.html http://www.loc.gov/catdir/enhancements/fy1608/2015954360-d.html |
| LEADER | 00817cam a22002175i 4500 | ||
|---|---|---|---|
| 008 | 151008s2015 nyu 000 0 eng | ||
| 999 | |c 130144 |d 130144 | ||
| 010 | |a 2015954360 | ||
| 020 | |a 9783319246949 | ||
| 042 | |a pcc | ||
| 084 | |a 576.5 INI | ||
| 245 | 0 | 4 | |a The initiation of DNA replication in eukaryotes. |
| 300 | |a pages cm | ||
| 856 | 4 | 1 | |u http://www.loc.gov/catdir/enhancements/fy1608/2015954360-t.html |
| 856 | 4 | 2 | |u http://www.loc.gov/catdir/enhancements/fy1608/2015954360-b.html |
| 856 | 4 | 2 | |u http://www.loc.gov/catdir/enhancements/fy1608/2015954360-d.html |
| 942 | |c BK | ||
| 263 | |a 1512 | ||
| 906 | |a 0 |b ibc |c orignew |d 2 |e epcn |f 20 |g y-gencatlg | ||
| 955 | |a pc17 2015-10-08 | ||
| 952 | |0 0 |1 0 |2 ddc |4 0 |6 572_800000000000000_INI |7 0 |9 143574 |a ZOO |b ZOO |c ST1 |d 2018-03-20 |e Bookshkop/CBD |o 572.8 INI |p ZOO6021 |r 2018-03-20 |y BK | ||